header

Microelectronics, microsystems and nanotechnology (Record no. 14958)

MARC details
000 -LEADER
fixed length control field 01571nam a2200337Ia 4500
245 00 - TITLE STATEMENT
Title Microelectronics, microsystems and nanotechnology
260 ## - PUBLICATION, DISTRIBUTION, ETC. (IMPRINT)
Place of publication New Jersey :
Name of publisher World Scientific,
Year of publication c2001.
300 ## - PHYSICAL DESCRIPTION
Number of Pages xvii, 390 p. :
Other physical details ill.
500 ## - GENERAL NOTE
General note "This volume contains the papers presented at the First Conference on "Microelectronics, Microsystems and Nanotechnology", ... ."--Foreword.
650 #0 - SUBJECT ADDED ENTRY--TOPICAL TERM
Topical Term Microelectronics.
Topical Term Microcomputers.
Topical Term Nanotechnology.
700 1# - ADDED ENTRY--PERSONAL NAME
Personal name Nassiopoulou, Androula G.
Personal name Zianni, Xanthi.
856 40 - ELECTRONIC LOCATION AND ACCESS
Uniform Resource Identifier http://site.ebrary.com/lib/rucke/Doc?id=10255721

No items available.

© 2026 Rongo University
Contact us: librarian | system librarian | Rongo university